Normal view
MARC view
- جاهلية- تاريخ - عرب
Entry Topical Term
001 - CONTROL NUMBER
- control field: 59121
003 - CONTROL NUMBER IDENTIFIER
- control field: JO-AjAnu
005 - DATE AND TIME OF LATEST TRANSACTION
- control field: 20230606083654.0
008 - FIXED-LENGTH DATA ELEMENTS
- fixed length control field: 230606|| aca||aabn | a|a d
040 ## - CATALOGING SOURCE
- Original cataloging agency: JO-AjAnu
- Transcribing agency: JO-AjAnu
150 ## - HEADING--TOPICAL TERM
- Topical term or geographic name entry element: جاهلية- تاريخ - عرب
670 ## - SOURCE DATA FOUND
- Source citation: Work cat.: (JO-AjAnu)30156: تاليف: الالوسي البغدادي، السيد محمود شكري؛ عني بشرحه وتصحيحه وضبطه: محمد بهجة الاثري, author 59120, بلوغ الأرب في معرفة احوال العرب،ج2